Cẩm nang sơ cấp cứu trẻ em và người lớn

Gespeichert in:
Bibliographische Detailangaben
1. Verfasser: Andrew K Marsden
Format: Buch
Sprache:Undetermined
Veröffentlicht: H. Phụ Nữ 2002
Schlagworte:
Tags: Tag hinzufügen
Keine Tags, Fügen Sie den ersten Tag hinzu!
Thư viện lưu trữ: Trung tâm Học liệu Trường Đại học Cần Thơ
LEADER 00601nam a2200181Ia 4500
001 CTU_51943
008 210402s9999 xx 000 0 und d
020 |b 28000 
082 |a 616.025 
082 |b M364 
100 |a Andrew K Marsden 
245 0 |a Cẩm nang sơ cấp cứu trẻ em và người lớn 
245 0 |c Andrew K. Marsden, Cameron Moffat, and Roy Scott; Nguyễn Lân Đính dịch 
260 |a H. 
260 |b Phụ Nữ 
260 |c 2002 
650 |a first aids,rescue work,emergency medical service 
980 |a Trung tâm Học liệu Trường Đại học Cần Thơ